Statistics for V8 Supercars Circuits

Click here to take the quiz!

General Stats

  • This quiz has been taken 342 times
  • The average score is 10 of 23

Answer Stats

Last RaceRacesCircuit% Correct
201114 racesMount Panorama
94%
201114 racesAdelaide
76%
201116 racesSandown
68%
201116 racesPhillip Island
60%
200812 racesEastern Creek
51%
201115 racesWinton
50%
20114 racesTownsville
49%
201116 racesQueensland Raceway
46%
201111 racesSurfers Paradise
46%
201115 racesHidden Valley
45%
200812 racesOran Park
42%
20077 racesPukekohe
42%
201115 racesBarbagallo
40%
20115 racesHamilton
36%
20113 racesYas Marina
36%
20114 racesOlympic Park
34%
201112 racesSymmons Plains
32%
20023 racesCanberra
29%
20015 racesCalder
26%
20051 raceShanghai
22%
19982 racesMallala
13%
20104 racesSakhir
13%
19982 racesLakeside
12%

Score Distribution

Percentile by Number Answered

Percent of People with Each Score

Your Score History

You have not taken this quiz